00501nam a2200205Ia 4500008004100000020001800041050001400059100001700073245001900090245004800109245001700157260001500174260001600189260000900205300001600214300002700230300001000257440002000267500000800287170918s9999 xx 000 0 und d a9780439854832 bZ947 2006 aZullo, Allan 4aThe rescuers : bkids who risked everything to save others / cAllan Zullo. aNew York : bScholastic, c2006 a135 pages : bcolored illustration ; c19cm. aTen true tales. a840